La vía de las máscaras (Record no. 10255)
[ view plain ]
| 000 -CABECERA | |
|---|---|
| campo de control de longitud fija | 00970nam a2200289 a 4500 |
| 001 - NÚMERO DE CONTROL | |
| campo de control | BRL_1445 |
| 005 - FECHA Y HORA DE LA ÚLTIMA TRANSACCIÓN | |
| campo de control | 20190320211217.0 |
| 008 - DATOS DE LONGITUD FIJA--INFORMACIÓN GENERAL | |
| campo de control de longitud fija | 150114s1981----mx-ba#####---#001-0#spa-# |
| 020 ## - NÚMERO INTERNACIONAL ESTÁNDAR DEL LIBRO | |
| Número Internacional Estándar del Libro | 9682310687 |
| 040 ## - FUENTE DE LA CATALOGACIÓN | |
| Centro catalogador/agencia de origen | DLC |
| Centro/agencia transcriptor | DLC |
| Centro/agencia modificador | DLC |
| 041 ## - CÓDIGO DE LENGUA | |
| Código de lengua del texto/banda sonora o título independiente | spa |
| 044 ## - CÓDIGO DEL PAÍS DE LA ENTIDAD EDITORA/PRODUCTORA | |
| Código MARC del país | mx |
| 050 #4 - SIGNATURA TOPOGRÁFICA DE LA BIBLIOTECA DEL CONGRESO | |
| Número de clasificación | E78.N78 |
| Número de documento/Ítem | .L45 1981 |
| 100 1# - ENTRADA PRINCIPAL--NOMBRE DE PERSONA | |
| Nombre de persona | Lévi-Strauss, Claude |
| 9 (RLIN) | 26944 |
| 245 10 - MENCIÓN DE TÍTULO | |
| Título | La vía de las máscaras |
| Mención de responsabilidad, etc. | Claude Lévi-Strauss ; traducción de J. Almela. |
| 250 ## - MENCIÓN DE EDICIÓN | |
| Mención de edición | Edición revisada, aumentada y prolongada por Tres Excursiones |
| 260 ## - PUBLICACIÓN, DISTRIBUCIÓN, ETC. | |
| Lugar de publicación, distribución, etc. | Mexico |
| Nombre del editor, distribuidor, etc. | Siglo XXI |
| Fecha de publicación, distribución, etc. | 1981 |
| 300 ## - DESCRIPCIÓN FÍSICA | |
| Extensión | 211 p. |
| Otras características físicas | il., mapas, láminas (a color) |
| Dimensiones | 19 cm. |
| 500 ## - NOTA GENERAL | |
| Nota general | Au1810 |
| 500 ## - NOTA GENERAL | |
| Nota general | Traducción de: La voie des masques, édition revue, augmentée, et rallongée de trois excursions. |
| 504 ## - NOTA DE BIBLIOGRAFÍA, ETC. | |
| Nota de bibliografía, etc. | Bibliografía: p. 196-211 |
| 650 14 - PUNTO DE ACCESO ADICIONAL DE MATERIA--TÉRMINO DE MATERIA | |
| Término de materia o nombre geográfico como elemento de entrada | Indígenas de América del Norte |
| Subdivisión general | Máscaras |
| 9 (RLIN) | 26945 |
| 650 14 - PUNTO DE ACCESO ADICIONAL DE MATERIA--TÉRMINO DE MATERIA | |
| Término de materia o nombre geográfico como elemento de entrada | Máscaras |
| 9 (RLIN) | 18335 |
| 700 1# - PUNTO DE ACCESO ADICIONAL--NOMBRE DE PERSONA | |
| Nombre de persona | Almela, J. |
| Término indicativo de función/relación | tr. |
| 9 (RLIN) | 26946 |
| 902 ## - CATALOGADOR | |
| Iniciales | GRL |
| 942 ## - ELEMENTOS DE PUNTO DE ACCESO ADICIONAL (KOHA) | |
| Fuente del sistema de clasificación o colocación | Library of Congress Classification |
| Tipo de ítem Koha | Libros |
| Estado de retiro | Estado de pérdida | Estado dañado | No para préstamo | Localización permanente | Ubicación/localización actual | Fecha de adquisición | Número de inventario | Total de préstamos | Signatura topográfica completa | Código de barras | Fecha visto por última vez | Precio válido a partir de | Tipo de ítem Koha |
|---|---|---|---|---|---|---|---|---|---|---|---|---|---|
| El ejemplar forma parte de la colección y puede ser consultado según las políticas vigentes. | Biblioteca Centro de Estudios Ruth D. Lechuga | Biblioteca Centro de Estudios Ruth D. Lechuga | 15/01/2014 | Au1810 | E78.N78 .L45 1981 (Au1810) | GRL02162 | 22/03/2019 | 22/03/2019 | Libros |